| 000 | 01095 a2200217 4500 | ||
|---|---|---|---|
| 003 | Nust | ||
| 005 | 20170207153150.0 | ||
| 010 | _a 75031466 | ||
| 020 |
_a0830657851 : _a0830647856 |
||
| 040 | _cNust | ||
| 082 | 0 | 0 | _a005.26 |
| 100 | 1 | _aWard, Brice. | |
| 245 | 1 | 0 |
_aMicroprocessor/microprograming handbook / _cby Brice Ward. |
| 250 | _a1st ed. | ||
| 260 |
_aBlue Ridge Summit, Pa. : _bG/L Tab Books, _c1975. |
||
| 300 |
_a297 p. : _bill. ; _c22 cm. |
||
| 505 | _aIntroduction to Microprocessors (Page-11), Basic Computer Operations (Page-19), Inside The Microprocessor (Page-28), The Modern Microprocessor (Page-28), The Modern Microprocessor System (Page-37), The MCS-4 Microprocessor System (Page-50), The MCS-40 Microprocessor (Page-74), The MCS-80 Microprocessor (Page-95), The MC6800 Microprocessor (Page-106), Memory Systems (Page-120), An Introduction to Microprogramming (Page-140), Microprogramming in Machines Language (Page-159), Microprogramming in Assembly Language (Page-205), | ||
| 538 | _aAlmirah No 6 Shelf No 5 | ||
| 650 | 0 | _aMicroprocessors. | |
| 650 | 0 | _aMicroprogramming. | |
| 942 |
_2ddc _cBK |
||
| 999 |
_c180525 _d180525 |
||